Online katalóg knižníc regiónu Turca

Vraždy v Kingfisher Hille (Record no. 20785)

MARC details
000 -LEADER
fixed length control field 02016cam a2200493 4500
001 - CONTROL NUMBER
control field 20785
003 - CONTROL NUMBER IDENTIFIER
control field VRT
005 - DATE AND TIME OF LATEST TRANSACTION
control field 20260203152339.0
008 - FIXED-LENGTH DATA ELEMENTS--GENERAL INFORMATION
fixed length control field 220509s2020 xo gr 010 f slo
015 ## - NATIONAL BIBLIOGRAPHY NUMBER
National bibliography number SNBA2021/04
020 ## - INTERNATIONAL STANDARD BOOK NUMBER
International Standard Book Number 9788022022606
Qualifying information (viazané)
035 ## - SYSTEM CONTROL NUMBER
System control number urn:nbn:sk:snk-am00gg9q
035 ## - SYSTEM CONTROL NUMBER
System control number urn:nbn:sk:snk-am3j7fr
035 ## - SYSTEM CONTROL NUMBER
System control number BF734629-0C7A-4C00-BCA6-46386C13C80C
039 #9 - LEVEL OF BIBLIOGRAPHIC CONTROL AND CODING DETAIL [OBSOLETE]
Level of rules in bibliographic description 202208272031
Level of effort used to assign nonsubject heading access points AUTHORITY
Level of effort used to assign subject headings 202205091700
Level of effort used to assign classification VLOAD
Level of effort used to assign subject headings 202204221146
Level of effort used to assign classification VLOAD
Level of effort used to assign subject headings 202104260846
Level of effort used to assign classification msnk167
040 ## - CATALOGING SOURCE
Original cataloging agency GAGK
Language of cataloging slo
Transcribing agency GAGK
Description conventions rda
041 1# - LANGUAGE CODE
Language code of text/sound track or separate title slo
Language code of original eng
044 ## - COUNTRY OF PUBLISHING/PRODUCING ENTITY CODE
MARC country code xo
ISO country code SK
072 #7 - SUBJECT CATEGORY CODE
Subject category code 821.111-3
Subject category code subdivision Anglická próza, anglicky písaná
Source konspekt
080 ## - UNIVERSAL DECIMAL CLASSIFICATION NUMBER
Universal Decimal Classification number 821.111-31
Edition identifier 2011
080 ## - UNIVERSAL DECIMAL CLASSIFICATION NUMBER
Universal Decimal Classification number (0:82-312.4)
Edition identifier 2011
100 1# - MAIN ENTRY--PERSONAL NAME
Personal name Hannah, Sophie,
Dates associated with a name 1971-
Relationship aut
240 14 - UNIFORM TITLE
Uniform title The Killings at Kingfisher Hill
Language of a work Slovensky
245 10 - TITLE STATEMENT
Title Vraždy v Kingfisher Hille
Statement of responsibility, etc. Sophie Hannahová ; z anglického originálu The Killings at Kingfisher Hill... preložila Barbora Andrezálová
264 #1 - PRODUCTION, PUBLICATION, DISTRIBUTION, MANUFACTURE, AND COPYRIGHT NOTICE
Place of production, publication, distribution, manufacture Bratislava
Name of producer, publisher, distributor, manufacturer Slovenský spisovateľ, a.s.
Date of production, publication, distribution, manufacture, or copyright notice 2020
300 ## - PHYSICAL DESCRIPTION
Extent 253 strán
Dimensions 21 cm
336 ## - CONTENT TYPE
Content type term text
Content type code txt
Source rdacontent
337 ## - MEDIA TYPE
Media type term bez média
Media type code n
Source rdamedia
338 ## - CARRIER TYPE
Carrier type term zväzok
Carrier type code nc
Source rdacarrier
490 1# - SERIES STATEMENT
Series statement Zelená knižnica
500 ## - GENERAL NOTE
General note Nad názvom uvedené: Agatha Christie ® (so značkou trade mark, nejedná sa o autorskú rolu, vzťahuje sa k literárnej postave Hercula Poirota, vytvorenej Agathou Christie, ktorou bolo dielo Sophie Hannah inšpirované)
500 ## - GENERAL NOTE
General note Preložené z angličtiny
655 #7 - INDEX TERM--GENRE/FORM
Genre/form data or focus term anglické romány
Source of term SNKPH
655 #7 - INDEX TERM--GENRE/FORM
Genre/form data or focus term detektívne romány
Source of term SNKPH
655 #7 - INDEX TERM--GENRE/FORM
Genre/form data or focus term English fiction
Source of term SNKPHeng
655 #7 - INDEX TERM--GENRE/FORM
Genre/form data or focus term Detective novels
Source of term SNKPHeng
700 1# - ADDED ENTRY--PERSONAL NAME
Personal name Andrezálová, Barbora
Relationship trl
700 1# - ADDED ENTRY--PERSONAL NAME
Relationship information Inšpirované:
Personal name Christie, Agatha,
Dates associated with a name 1890-1976
Title of a work Hercule Poirot
830 #0 - SERIES ADDED ENTRY--UNIFORM TITLE
Uniform title Zelená knižnica
910 ## - USER-OPTION DATA (OCLC)
User-option data snk
942 ## - ADDED ENTRY ELEMENTS (KOHA)
Source of classification or shelving scheme Dewey Decimal Classification
Koha item type Krásna literatúra pre dospelých
Suppress in OPAC No
949 ## - LOCAL PROCESSING INFORMATION (OCLC)
6 17A1449022
a snkSC 191582
b snk2021/196
o 2228/2020
s 6100:20210217
949 ## - LOCAL PROCESSING INFORMATION (OCLC)
6 17A1449023
a snkSC 191582 D1
b snk2021/197
o 2228/2020
Holdings
Stav vyradenia Strata Poškodenie Spôsob nadobudnutia Domovská knižnica Aktuálna knižnica Dátum nadobudnutia Total checkouts Čiarový kód exemplára Date last seen Typ exemplára
      Dar Obecná knižnica Horná Štubňa Obecná knižnica Horná Štubňa 03.02.2026   9788022022606 03.02.2026 Krásna literatúra pre dospelých
Projekt je podporený Slovenskou asociáciou knižníc
Prevádzkuje Turčianska knižnica Martin 2026